000 00614cam a2200205 a 4500
001 000008634
005 20200929161357.0
008 820510s1973 ck 001 f spa
040 _aDO-SdBNP
_bspa
_cBNPHU
082 _aCo863.4
_bG643d, 1973
100 1 _aGonzález, Fernando,
_d1895-1964.
_923069
245 1 0 _aDon Mirócletes /
_cFernando González.
250 _a2a ed.
260 _aMedellín :
_bBedout,
_c1973.
300 _a171 p. ;
_c19 cm.
490 1 _aBolsilibros Bedout
_v141
650 4 _aNovela colombiana
_91243
650 4 _aLiteratura colombiana
_91244
830 0 _aBolsilibros Bedout ;
_v141
_93750
999 _c8404
_d8404